000 00837nam a22002417a 4500
005 20150422171143.0
010 _aBAC-EN21 ENG-111695
020 _a9789350354520
_c165.00
035 _aEN-95227
035 _aB-593595-626
037 _bUBH/Ven
_adpl
037 _bDBAD/PUB
082 _a340.1
100 _aArora, Manish
245 _aUniversal's short essays & paragraphs on law including legal personalities for competitive examinations/
_cby Manish Arora
250 _a10th ed
260 _aDelhi
_bUniversal Law Publishing
_c2014
270 _aA-58, G.T. Karnal Road Industrial Area,
_bDelhi
_e110033
300 _axi, 154p.
_c24cm(pbk)
500 _aIncludes index
942 _2ddc
_cEN
_mARO
_h340.1
999 _c89329
_d89329